Technologie rybího průmyslu

Salvato in:
Dettagli Bibliografici
Autore principale: Nosek, Jaromír
Natura: Libro
Lingua:ceco
Pubblicazione: Praha Průmyslové vyd. 1951
Soggetti:
Tags: Aggiungi Tag
Nessun Tag, puoi essere il primo ad aggiungerne!!

MARC

LEADER 00000nam a2200000 4500
001 c123518
005 20041019155228.5
041 0 |a cze 
044 |a CZ 
245 1 0 |a Technologie rybího průmyslu  |c Jaromír Nosek 
264 1 |a Praha  |b Průmyslové vyd.  |c 1951 
610 2 0 |a priemysel 
610 2 0 |a rybolov 
100 1 |a Nosek, Jaromír